00839nam a2200229 a 450000100060000000300080000600500170001400800390003103500190007004000270008904100080011608200280012410000370015224500740018926000360026330000250029950000760032450400510040050400540045160000650050565000390057036286BD-RjUL20211209052450.0140619s1984 ii b 001 0 eng a(BD-RjUL)36383 aDLCcDLCdBD-RjULbeng aeng00a320.50924219bBAP 19841 aBandyopadhyay, Bholanath,d1948-14aThe political ideas of Benoy Kumar Sarkar /cBholanath Bandyopadhyay. aCalcutta :bK.P. Bagchi,c1984. aix, 179 p. ;c22 cm. aRevision of the authorʾs thesis (Ph. D.--University of Calcutta, 1982) aIncludes bibliographical references and index. aWorks by and on Benoy Kumar Sarkar: p. [167]-176.10aSarkar, Benoy Kumar,d1887-1949xPolitical and social views. 0aPolitical sciencezIndiaxHistory.